Statistics for Premier League Players Nationalities

Click here to take the quiz!

General Stats

  • This quiz has been taken 54 times
    (18 since last reset)
  • The average score is 28 of 30

Answer Stats

PlayerNation% Correct
Riyad MahrezAlgeria
100%
Sergio AgueroArgentina
100%
Kevin De BruyneBelgium
100%
Roberto FirminoBrazil
100%
Kasper SchmeichelDenmark
100%
Harry KaneEngland
100%
N'Golo KanteFrance
100%
Mesut OzilGermany
100%
JorginhoItaly
100%
Virgil Van DijkNetherlands
100%
Bruno FernandesPortugal
100%
David De GeaSpain
100%
Christian PulisicUSA
100%
Mathew RyanAustralia
93%
Davinson SanchezColombia
93%
Mateo KovacicCroatia
93%
Mohamed SalahEgypt
93%
Raul JimenezMexico
93%
Wilfred NdidiNigeria
93%
Seamus ColemanRepublic of Ireland
93%
Sadio ManeSenegal
93%
Victor LindelofSweden
93%
Xherdan ShaqiriSwitzerland
93%
Edinson CavaniUruguay
93%
SokratisGreece
87%
Branislav IvanovicSerbia
87%
Caglar SoyuncuTurkey
87%
Wilfried ZahaIvory Coast
80%
Marek RodakSlovakia
80%
Tyler RobertsWales
73%

Score Distribution

Percentile by Number Answered

Percent of People with Each Score

Your Score History

You have not taken this quiz since the last reset